Football : Équipe de France Euro 2008 - Statistiques

Statistiques générales
  • Ce quiz a été pris 161 fois
  • Le résultat moyen est 16 sur 23
Statistiques - réponses
Club Poste Joueur % Correct
OM Gardien Mandanda
96%
Manchester United Latéral gauche Evra
89%
FC Barcelone Ailier Henry
89%
Bayern Munich Ailier Ribéry
89%
OL Gardien Coupet
87%
FC Barcelone Latéral gauche Abidal
85%
Chelsea Ailier Malouda
82%
Bayern Munich Latéral droit Sagnol
78%
OL Attaquant de pointe Benzema
77%
Arsenal Défenseur central Gallas
76%
OL Ailier Govou
72%
Chelsea Milieu défensif Makélélé
72%
Chelsea Ailier Anelka
70%
OM Milieu offensif Nasri
69%
Inter Milan Milieu défensif Vieira
69%
ASSE Attaquant de pointe Gomis
67%
OL Milieu défensif Toulalan
63%
Portsmouth Milieu Diarra
61%
Fiorentina Gardien Frey
58%
FC Barcelone Latéral droit Thuram
50%
OL Défenseur central Boumsong
42%
OL Défenseur central Squillaci
42%
OL Latéral droit Clerc
34%
Aucun quiz correspondant
Distribution des résultats
% des personnes avec chaque résultat
Percentile par nombre de réponses
Votre historique - résultats
Vous n’avez pas pris ce quiz